书目信息 |
| 题名: |
小学数学手册
|
|
| 作者: | 林松源 , 曾乐天 编著 | |
| 分册: | ||
| 出版信息: | 贵州 贵州人民出版社 1981 |
|
| 页数: | 505页 | |
| 开本: | 19cm | |
| 丛书名: | ||
| 单 册: | ||
| 中图分类: | G623.5 | |
| 科图分类: | ||
| 主题词: | 数学--小学--手册 , 教育--各级 | |
| 电子资源: | ||
| ISBN: | ||
| 000 | 00663nam0 2200241 45 | |
| 001 | 0180001138 | |
| 005 | 20060430155413.54 | |
| 010 | @dCNY1.30 | |
| 100 | @a19950705d1981 cemy0chiy0121 ea | |
| 101 | 0 | @achi |
| 102 | @aCN@b440000 | |
| 105 | @ay z 000yy | |
| 200 | 10 | @a小学数学手册@Axiao xue shu xue shou ce@f曾乐天,林松源编著@FCeng Yue Tian,Lin Song Yuan Bian Zhu |
| 210 | @a贵州@c贵州人民出版社@d1981 | |
| 215 | @a505页@d19cm | |
| 606 | @a数学@x小学@x手册 | |
| 606 | 0 | @a教育@x各级 |
| 690 | @aG623.5@v4 | |
| 701 | 0 | @a林松源@4编著 |
| 701 | 0 | @a曾乐天@4编著 |
| 801 | 2 | @aCN@bNLC@c20060430 |
| 801 | 0 | @aCN@b上海图书馆@c20040425 |
| 905 | @dG623.5@e105 | |
| 小学数学手册/曾乐天,林松源编著.-贵州:贵州人民出版社,1981 |
| 505页;19cm |
| ISBN :CNY1.30 |
| ● |
| 相关链接 |
|
|
|
|
正题名:小学数学手册
索取号:G623.5/105
 
预约/预借
| 序号 | 登录号 | 条形码 | 馆藏地/架位号 | 状态 | 备注 |
| 1 | 0146533 | 000465856 | 密集书库/ [索取号:G623.5/105] | 在馆 | |
| 2 | 0146534 | 202303355 | 密集书库/ [索取号:G623.5/105] | 在馆 | |
| 3 | 0146535 | 000465892 | 第一样本阅览室/ [索取号:G623.5/105] | 在馆 |